| 000 | 00428nam a2200133Ia 4500 | ||
|---|---|---|---|
| 008 | 170419s9999 xx 000 0 und d | ||
| 100 | _aTaylor, Melissa R.S. | ||
| 245 | _aImpact of advocacy initiatives on nurses' motivation to sustain momentum in public policy advocacy | ||
| 245 | _cMelissa R.S. Taylor | ||
| 260 | _bElsevier | ||
| 260 | _c2016 | ||
| 300 | _aMay/June 2016 | ||
| 440 |
_aJournal of Profesional Nursing _v32:3 |
||
| 999 |
_c329524 _d329524 |
||